00446nam a2200133 a 450000500170000000800410001702000180005805000210007624500990009726000370019630000190023365000340025265000260028620140412111340.0031016s19uu xx 00 eng d a81-86214-39-9 aREF 403bA1 19_? aABC Science picture encyclopedia /cscript by Dr. W. S. Rajkumar ; illustrated by S. N. Razan. aIndia :bMarigold Books,c[n.d.] a[22] p. ; ill. aSciencesxJuvenile literature aPicture book of words